LEADER 01022nam 2200361Ia 450 001 996391341403316 005 20210104171813.0 035 $a(CKB)4940000000098242 035 $a(EEBO)2240869450 035 $a(OCoLC)ocn953793068e 035 $a(OCoLC)953793068 035 $a(EXLCZ)994940000000098242 100 $a20160720d1534 uy 0 101 0 $aeng 135 $aurbn||||a|bb| 200 04$a[An almanack for [?] years]$b[electronic resource] 210 $a[London? $cWynkyn de Worde?$d1534?] 215 $a[2]+ p 300 $aTitle and imprint suggested by STC. 300 $aImperfect: a fragment. 300 $aReproduction of original in: British Library. 330 $aeebo-0018 606 $aAstrology$vEarly works to 1800 608 $aAlmanacs.$2rbgenr 608 $aEphemerides.$2rbgenr 615 0$aAstrology 702 $aWorde$b Wynkyn de$f-1534?, 801 0$bUMI 801 1$bUMI 906 $aBOOK 912 $a996391341403316 996 $aYears$92393464 997 $aUNISA